| 000 | 00525nam a2200157 a 4500 | ||
|---|---|---|---|
| 005 | 20140412111235.0 | ||
| 008 | 001120s19uu xx 00 eng d | ||
| 020 | _a0-865301743 | ||
| 050 |
_aTR(GS 371.95 _bCOC |
||
| 100 | _aCochran, Judith | ||
| 245 |
_aWhat to do with the gifted child : _bmeeting the needs of the gifted child in the regular classroom / _cJudith Cocharan. |
||
| 260 |
_aNashville, Tennessee : _bIncentive Pub., Inc, _c1992. |
||
| 300 | _a79 p. | ||
| 650 | _aGifted children -- education | ||
| 999 |
_c102421 _d102421 |
||